|
LDR
| 02016cam a22004578i 4500 |
|---|
| 001 | 137326 |
|---|
| 003 | CONS |
|---|
| 005 | 20140723125113.0 |
|---|
| 008 | 131001s2014 mnua j 6 000 1 eng c |
|---|
| 020 | | . |
‡a9781434264800 (library binding) |
|---|
| 020 | | . |
‡a1434264807 (library binding) |
|---|
| 035 | | . |
‡a(CPomAG)LMN566741 |
|---|
| 050 | 0 | 0. |
‡aPZ7.7.C64
‡bTat 2014 |
|---|
| 082 | 0 | 4. |
‡a741.5/973
‡223 |
|---|
| 100 | 1 | . |
‡aCohen, Ivan,
‡eauthor. |
|---|
| 245 | 1 | 0. |
‡aTattooed man trouble! /
‡cwritten by Ivan Cohen ; illustrated by Luciano Vecchio ; colored by Gabe Eltaeb ; lettered by Saida Temofonte. |
|---|
| 264 | | 1. |
‡aNorth Mankato, Minnesota :
‡bCapstone Stone Arch Books,
‡c2014. |
|---|
| 300 | | . |
‡a24 pages :
‡bcolor illustrations ;
‡c27 cm. |
|---|
| 336 | | . |
‡atext
‡btxt
‡2rdacontent |
|---|
| 336 | | . |
‡astill image
‡bsti
‡2rdacontent |
|---|
| 337 | | . |
‡aunmediated
‡bn
‡2rdamedia |
|---|
| 338 | | . |
‡avolume
‡bnc
‡2rdacarrier |
|---|
| 490 | 1 | . |
‡aGreen Lantern: the animated series ;
‡v4 |
|---|
| 520 | | . |
‡aAfter Razer is injured in a battle, he reveals that his facial scars are really tattoos, and Hal recounts an adventure from his past when he faced the Tattooed Man. |
|---|
| 650 | | 0. |
‡aGreen Lantern (Fictitious character)
‡vComic books, strips, etc. |
|---|
| 650 | | 0. |
‡aSuperheroes
‡vComic books, strips, etc. |
|---|
| 650 | | 0. |
‡aSupervillains
‡vComic books, strips, etc. |
|---|
| 650 | | 0. |
‡aTattooing
‡vComic books, strips, etc. |
|---|
| 650 | | 0. |
‡aGreen Lantern (Fictitious character)
‡vJuvenile fiction. |
|---|
| 650 | | 0. |
‡aSuperheroes
‡vJuvenile fiction. |
|---|
| 650 | | 0. |
‡aSupervillains
‡vJuvenile fiction. |
|---|
| 650 | | 0. |
‡aTattooing
‡vJuvenile fiction. |
|---|
| 655 | | 0. |
‡aGraphic novels. |
|---|
| 700 | 1 | . |
‡aVecchio, Luciano,
‡eillustrator. |
|---|
| 700 | 1 | . |
‡aEltaeb, Gabe. |
|---|
| 700 | 1 | . |
‡aTemofonte, Saida. |
|---|
| 730 | 0 | . |
‡aGreen Lantern : the animated series (Television program) |
|---|
| 830 | | 0. |
‡aGreen Lantern: the animated series ;
‡v4 |
|---|
| 914 | | . |
‡aSCP_jd
‡dLMN_cm |
|---|
| 959 | | . |
‡i32269000945181
‡lJ GN Gre
‡aJuvenile - Graphic Novel
‡tGraphic Novel
‡g16.00 |
|---|
| 852 | | . |
‡p32269000945181
‡jJ GN Gre
‡gJuvenile - Graphic Novel
‡cGraphic Novel
‡y16.00
‡bSBPL |
|---|
| 901 | | . |
‡a137326
‡bUnknown
‡c137326
‡tbiblio |
|---|